[Event "Challenge"]
[Site "http://www.queenalice.com/game.php?id=19634"]
[Date "2005.7.14"]
[Round "-"]
[White "Be0wulf"]
[Black "THAILANDMASTER"]
[Result "0-1"]
[WhiteElo "1866"]
[BlackElo "2170"]

1. c4 e5 2. Nc3 Nf6 3. Nf3 Nc6 4. d4 exd4 5. Nxd4 Bb4 6. e3 O-O 7. Bd3 Ne5 8.
O-O Bxc3 9. bxc3 Nxd3 10. Qxd3 d6 11. Ba3 Re8 12. Rad1 Qe7 13. c5 dxc5 14. Nf3
Bg4 15. Qe2 Ne4 16. Rd3 Ng5 17. e4 Bxf3 18. gxf3 Nh3+ 19. Kh1 Nf4 20. Qe3 Nxd3
21. Qxd3 c4 22. Bxe7 cxd3 23. Bg5 h6 24. Bf4 f5 25. Re1 g5 26. Bxc7 Rac8 27. Ba5
b6 28. Bb4 a5 29. Bd6 Rc6 0-1

[Event "Challenge"]
[Site "http://www.queenalice.com/game.php?id=27297"]
[Date "2005.9.4"]
[Round "-"]
[White "THAILANDMASTER"]
[Black "NextFuture"]
[Result "1-0"]
[WhiteElo "2062"]
[BlackElo "2075"]

1. d4 Nf6 2. Nf3 e6 3. Bf4 c5 4. e3 Nc6 5. Nc3 Qa5 6. Nd2 Be7 7. Nc4 Qd8 8. Nb5
O-O 9. Bc7 Qe8 10. Ncd6 Bxd6 11. Bxd6 cxd4 12. Nc7 Qd8 13. Nxa8 dxe3 14. Bd3
Qa5+ 15. c3 Qg5 16. O-O Ng4 17. f4 Qh4 18. h3 h5 19. hxg4 hxg4 20. Qe1 g3 21.
Rf3 Qh2+ 22. Kf1 e2+ 23. Kxe2 Qxg2+ 24. Ke3 1-0

[Event "Challenge"]
[Site "http://www.queenalice.com/game.php?id=27301"]
[Date "2005.9.4"]
[Round "-"]
[White "THAILANDMASTER"]
[Black "Willy"]
[Result "1-0"]
[WhiteElo "2131"]
[BlackElo "1904"]

1. e4 e5 2. Nf3 Nc6 3. d4 exd4 4. Nxd4 Nxd4 5. Qxd4 d6 6. Nc3 Nf6 7. Bf4 Be7 8.
O-O-O O-O 9. Be2 Be6 10. h4 a6 11. h5 b5 12. h6 c5 13. Qe3 g6 14. e5 Nd7 15.
exd6 Bf6 16. Bf3 Rc8 17. Rhe1 Bd4 18. Rxd4 cxd4 19. Qxd4 Qf6 20. Qxf6 Nxf6 21.
Bg5 Nd7 22. Be7 Rfe8 23. Bb7 Rc5 24. Ne4 Rh5 25. Bc6 Rf5 26. Nf6+ Nxf6 27. Rxe6
fxe6 28. Bxe8 Rd5 29. Bxf6 Rxd6 30. f4 Kf8 31. Bxg6 1-0

[Event "Challenge"]
[Site "http://www.queenalice.com/game.php?id=27474"]
[Date "2005.9.6"]
[Round "-"]
[White "THAILANDMASTER"]
[Black "Alsina"]
[Result "1-0"]
[WhiteElo "2147"]
[BlackElo "2111"]

1. d4 Nf6 2. c4 g6 3. g3 c6 4. Bg2 d5 5. cxd5 cxd5 6. Nf3 Bg7 7. Nc3 O-O 8. O-O
Ne4 9. Bf4 Nxc3 10. bxc3 Nc6 11. Rb1 Qa5 12. Qb3 Bf5 13. Rbc1 Rac8 14. Nd2 e5
15. dxe5 Bxe5 16. Bxe5 Nxe5 17. Qxb7 Be6 18. Nb3 Qxa2 19. Nd4 Qa5 20. Rfd1 Qc5
21. Qa6 Rfe8 22. h3 Qe7 23. e3 Rc7 24. Ne2 Rc6 25. Qa1 Rd6 26. Nf4 Qd7 27. Kh2
Nc4 28. Rd4 g5 29. Nh5 Qe7 30. e4 Bc8 31. exd5 Ra6 32. Qb1 Nd6 33. c4 Bf5 34.
Qb2 Qe5 35. c5 Ra4 36. cxd6 Rxd4 37. Re1 Qxe1 38. Qxd4 Qe5 39. Nf6+ Kh8 40. Qxe5
Rxe5 41. d7 Bxd7 42. Nxd7 Re2 43. f4 gxf4 44. gxf4 Kg7 45. Kg3 a5 46. Bf3 Rd2
47. Nc5 f5 48. Nb3 Ra2 49. d6 1-0

[Event "Challenge"]
[Site "http://www.queenalice.com/game.php?id=27475"]
[Date "2005.9.6"]
[Round "-"]
[White "THAILANDMASTER"]
[Black "merlos"]
[Result "1-0"]
[WhiteElo "2174"]
[BlackElo "1842"]

1. e4 e5 2. Nf3 d6 3. d4 exd4 4. Nxd4 Nf6 5. Nc3 Be7 6. Bd3 O-O 7. O-O c5 8.
Nde2 Nc6 9. Nf4 Bg4 10. Qd2 Ne5 11. Re1 c4 12. Be2 Qb6 13. Nfd5 Qd8 14. f4 Nxd5
15. Nxd5 Bxe2 16. Qxe2 Nc6 17. Qxc4 Bh4 18. g3 Bf6 19. c3 Rc8 20. Be3 Ne7 21.
Nxf6+ gxf6 22. Qb5 b6 23. Qh5 Ng6 24. Bd4 Rb8 25. h4 a6 26. Rad1 b5 27. Qh6 b4
28. h5 bxc3 29. Bxc3 Rb5 30. e5 Ne7 31. exd6 Ng6 32. hxg6 fxg6 33. Re7 Rf7 34.
Rxf7 Kxf7 35. Qxh7+ Ke6 36. Qxg6 1-0

[Event "Challenge"]
[Site "http://www.queenalice.com/game.php?id=27477"]
[Date "2005.9.6"]
[Round "-"]
[White "jimwilson"]
[Black "THAILANDMASTER"]
[Result "0-1"]
[WhiteElo "1866"]
[BlackElo "2044"]

1. d4 Nf6 2. c4 e5 3. dxe5 Ng4 4. e6 Bb4+ 5. Bd2 Bxd2+ 6. Qxd2 fxe6 7. f3 Ne5 8.
e4 O-O 9. Ne2 Rxf3 10. Nd4 Qh4+ 11. Kd1 Rf2 12. Qe1 Nbc6 13. Nxc6 bxc6 14. Be2
Rb8 15. b3 c5 16. g3 Qxe4 17. Qxf2 Qxh1+ 18. Kd2 d6 19. Bd1 Bb7 20. Nc3 Rf8 0-1

[Event "Challenge"]
[Site "http://www.queenalice.com/game.php?id=27478"]
[Date "2005.9.6"]
[Round "-"]
[White "Claumann"]
[Black "THAILANDMASTER"]
[Result "1-0"]
[WhiteElo "2043"]
[BlackElo "2177"]

1. e4 d5 2. exd5 Qxd5 3. Nc3 Qa5 4. Bc4 Nf6 5. Nf3 Bg4 6. O-O e6 7. h3 Bh5 8. d4
c6 9. Re1 Bd6 10. g4 Bg6 11. Ne5 Nbd7 12. Nxg6 hxg6 13. Bf1 O-O-O 14. Bg2 Nb6
15. a3 Nbd5 16. Ne2 Qc7 17. c4 Nf4 18. Bxf4 Bxf4 19. Qc2 g5 20. b4 Bh2+ 21. Kf1
Qe7 22. d5 cxd5 23. cxd5+ Kb8 24. dxe6 Qxe6 25. Rac1 Be5 26. Qc5 Rhe8 27. Qb5
Re7 28. Ng3 a6 29. Qa5 Rc8 30. Nf5 Rxc1 31. Qd8+ Ka7 32. Rxc1 Rd7 33. Qa5 Bb2
34. Nxg7 Qd6 35. Qc5+ Qxc5 36. Rxc5 Bxa3 37. Rf5 Nh7 38. b5 Bb2 39. Ne8 Kb6 40.
bxa6 bxa6 41. Nd6 Rxd6 42. Rxf7 Rd2 43. Rb7+ Kc5 44. Rxh7 Bd4 45. Rf7 a5 46.
Rf5+ 1-0

[Event "Challenge"]
[Site "http://www.queenalice.com/game.php?id=27479"]
[Date "2005.9.6"]
[Round "-"]
[White "Pepato"]
[Black "THAILANDMASTER"]
[Result "1-0"]
[WhiteElo "2229"]
[BlackElo "2155"]

1. d4 Nf6 2. c4 e6 3. Nc3 Bb4 4. Qc2 d5 5. cxd5 exd5 6. Bg5 O-O 7. e3 h6 8. Bh4
c6 9. Nf3 Nbd7 10. Bd3 Re8 11. O-O Be7 12. Bg3 Bf8 13. Rac1 Nh5 14. Bh4 g5 15.
Bg3 Nxg3 16. hxg3 g4 17. Nh4 Nb6 18. Ne2 Qg5 19. a3 Bd6 20. Rfe1 Be6 21. Nf4 Bd7
22. Bh7+ Kg7 23. Bf5 Kg8 24. Bxd7 Nxd7 25. Nf5 Bf8 26. f3 Nf6 27. e4 dxe4 28.
fxe4 Rxe4 29. Rxe4 Qxf5 30. Re2 Qxc2 31. Rcxc2 Rd8 32. Rcd2 a5 33. Re5 a4 34.
Rd3 b5 35. Rc3 Rxd4 36. Rxc6 Ne4 37. Ne2 Rd1+ 38. Kh2 Nf2 39. Rc1 Rd2 40. Nc3 b4
41. axb4 Rxb2 42. Nxa4 Rxb4 43. Nc5 Rb5 44. Rc2 Bxc5 45. Rexc5 Rxc5 46. Rxc5 Kg7
47. Rc4 1-0

[Event "Challenge"]
[Site "http://www.queenalice.com/game.php?id=27480"]
[Date "2005.9.6"]
[Round "-"]
[White "THAILANDMASTER"]
[Black "hiu_abu_abu"]
[Result "1-0"]
[WhiteElo "2141"]
[BlackElo "1837"]

1. e4 b6 2. d4 Bb7 3. Bd3 e6 4. Nf3 Bb4+ 5. c3 Be7 6. O-O Nf6 7. e5 Nd5 8. Be4
Nc6 9. c4 Ndb4 10. a3 Na6 11. b4 d5 12. exd6 Bxd6 13. b5 Na5 14. Bxb7 Nxb7 15.
bxa6 Na5 16. Bd2 O-O 17. c5 Be7 18. Bxa5 bxa5 19. Nc3 c6 20. Rb1 Bf6 21. Qa4 Rc8
22. Rb7 Rc7 23. Rfb1 Rxb7 24. Rxb7 Qc8 25. h3 Rd8 26. Ne4 Rd7 27. Nd6 Qd8 28.
Qxc6 Re7 29. Qb5 h6 30. Rb8 1-0

[Event "Challenge"]
[Site "http://www.queenalice.com/game.php?id=27482"]
[Date "2005.9.6"]
[Round "-"]
[White "THAILANDMASTER"]
[Black "blikinn"]
[Result "1-0"]
[WhiteElo "2094"]
[BlackElo "1780"]

1. e4 e5 2. Nf3 d6 3. d4 exd4 4. Nxd4 g6 5. Nc3 Bg7 6. Be3 a6 7. Qd2 Ne7 8.
O-O-O Nbc6 9. h4 h5 10. Nxc6 Nxc6 11. Nd5 Be6 12. Be2 Qd7 13. Bg5 Bxd5 14. exd5
Ne7 15. Rhe1 O-O 16. g4 hxg4 17. Qb4 a5 18. Qxg4 Qxg4 19. Bxg4 Nc8 20. h5 f5 21.
Bf3 Be5 22. hxg6 Kg7 23. Rh1 Kxg6 24. Rdg1 1-0

[Event "Challenge"]
[Site "http://www.queenalice.com/game.php?id=27818"]
[Date "2005.9.9"]
[Round "-"]
[White "alexsoncini"]
[Black "THAILANDMASTER"]
[Result "0-1"]
[WhiteElo "1845"]
[BlackElo "2100"]

1. d4 Nf6 2. Nc3 d5 3. Qd3 g6 4. Bg5 Bg7 5. O-O-O Nbd7 6. e4 dxe4 7. Nxe4 O-O 8.
f3 h6 9. Bxf6 Nxf6 10. Nxf6+ Bxf6 11. h4 Qd5 12. Qc4 Qd6 13. g4 Be6 14. d5 Rad8
15. g5 hxg5 16. hxg5 Bxg5+ 17. Kb1 Bxd5 18. Rxd5 Qxd5 19. Qxd5 Rxd5 20. Bd3 Rfd8
21. Nh3 Be3 22. Re1 Bc5 23. a3 e6 24. b4 Bb6 25. Nf4 R5d7 26. Ne2 Kg7 27. Kb2 e5
28. Be4 c6 29. Nc1 Rd2 30. Re2 f5 31. Bd3 R8xd3 0-1

[Event "Challenge"]
[Site "http://www.queenalice.com/game.php?id=27820"]
[Date "2005.9.9"]
[Round "-"]
[White "waltc"]
[Black "THAILANDMASTER"]
[Result "0-1"]
[WhiteElo "2049"]
[BlackElo "2110"]

1. e4 d5 2. exd5 Nf6 3. d4 Nxd5 4. Nf3 Bg4 5. Be2 e6 6. O-O Nc6 7. Re1 Be7 8. h3
Bf5 9. a3 O-O 10. b4 a6 11. c4 Nb6 12. Bb2 Bf6 13. Bf1 Re8 14. Kh1 Bg6 15. Qd2
Na4 16. Rd1 Nxb2 17. Qxb2 Bh5 0-1

[Event "Challenge"]
[Site "http://www.queenalice.com/game.php?id=33297"]
[Date "2005.10.15"]
[Round "-"]
[White "Jorge"]
[Black "THAILANDMASTER"]
[Result "0-1"]
[WhiteElo "1300"]
[BlackElo "2166"]

1. e4 c5 2. c3 d5 3. e5 Nc6 4. Qa4 Qc7 5. Nf3 g5 6. h3 Bd7 7. d4 Nxd4 8. cxd4
Bxa4 9. b3 Bc6 10. dxc5 Bg7 11. Bb2 d4 12. Bxd4 Bxf3 13. gxf3 Bxe5 14. Be3 O-O-O
15. b4 Qd7 16. Nc3 Bxc3+ 17. Ke2 Qd3# 0-1

[Event "Challenge"]
[Site "http://www.queenalice.com/game.php?id=50205"]
[Date "2006.1.30"]
[Round "-"]
[White "THAILANDMASTER"]
[Black "vincentlennon"]
[Result "0-1"]
[WhiteElo "2142"]
[BlackElo "1670"]

1. e4 e5 2. Nf3 Nc6 3. d4 exd4 4. Nxd4 Nxd4 5. Qxd4 Qf6 6. e5 Qc6 7. Nc3 Bc5 8.
Qg4 Qg6 9. Qxg6 hxg6 10. Nd5 Bb6 11. Nxb6 axb6 12. Bc4 Ra4 13. b3 Ra5 14. Bb2 b5
15. Bd3 Ne7 16. a3 c6 0-1

[Event "Challenge"]
[Site "http://www.queenalice.com/game.php?id=50425"]
[Date "2006.2.1"]
[Round "-"]
[White "vincentlennon"]
[Black "THAILANDMASTER"]
[Result "1-0"]
[WhiteElo "1730"]
[BlackElo "2095"]

1. e4 e6 2. Nf3 d5 3. exd5 exd5 4. d4 Nf6 5. Nc3 Be7 6. Bd3 O-O 7. O-O Nc6 8.
Re1 Bg4 9. Be3 Re8 10. h3 Bh5 11. a3 a6 12. Be2 Bf8 13. Ng5 Bxe2 14. Rxe2 Qd7
15. Qd3 Na5 16. b3 1-0

[Event "Challenge"]
[Site "http://www.queenalice.com/game.php?id=50426"]
[Date "2006.2.1"]
[Round "-"]
[White "THAILANDMASTER"]
[Black "vincentlennon"]
[Result "0-1"]
[WhiteElo "2119"]
[BlackElo "1700"]

1. d4 d5 2. c4 dxc4 3. e3 c5 4. Bxc4 cxd4 5. exd4 Nc6 6. Nf3 Bg4 7. Bxf7+ Kxf7
8. Ng5+ Ke8 9. Qxg4 Qxd4 10. Qe2 Qe5 11. Be3 Nf6 12. Nc3 e6 13. f4 Qf5 14. h3
Nb4 15. O-O a6 0-1